000
00317nam a2200133Ia 4500
005
20251222143314.0
008
251222s9999||||xx |||||||||||||| ||spa||
020
_a
84-7490-225-1
082
_a
848.9/B45L
100
_a
Bernanos, Georges
245
0
_a
La Libertad, ¿Para qué?
264
_b
Encuentro
942
_c
LIB
999
_c
15845
_d
15845